00569nam a2200181Ia 450000500170000000800460001703700120006304000200007504100130009508400230010824500220013126000530015330000100020665000210021694200230023799900210026095201060028120250508161836.0008 250505s9999 xx 000 0 eng d aTextual aFEDLbengcFEDL aeng2eng a001.642, SCIqFEDL 0aComputer concepts aChicago, USAbScience Research Associates c1970 a354p. aComputer Science cTEXLh001.642, SCI c1372591d1372591 00104070aFEDLbFEDLd2025-05-08l0o001.642, SCIpEL0062424r2025-05-08 16:18:36w2025-05-08yTEXL